Cervantes / (Record no. 154999)
[ view plain ]
| 000 -LEADER | |
|---|---|
| fixed length control field | 00656cam a2200229 i 4500 |
| 001 - CONTROL NUMBER | |
| control field | 4140105 |
| 003 - CONTROL NUMBER IDENTIFIER | |
| control field | BD-DhUL |
| 005 - DATE AND TIME OF LATEST TRANSACTION | |
| control field | 20170125114906.0 |
| 008 - FIXED-LENGTH DATA ELEMENTS--GENERAL INFORMATION | |
| fixed length control field | 780103r19771880pau 000 0 eng |
| 010 ## - LIBRARY OF CONGRESS CONTROL NUMBER | |
| LC control number | 77028533 |
| 020 ## - INTERNATIONAL STANDARD BOOK NUMBER | |
| International Standard Book Number | 0848220269 |
| Terms of availability | $20.00 |
| 040 ## - CATALOGING SOURCE | |
| Original cataloging agency | DLC |
| Transcribing agency | DLC |
| Modifying agency | DLC |
| -- | BD-DhUL |
| 050 10 - LIBRARY OF CONGRESS CALL NUMBER | |
| Classification number | PQ6337 |
| Item number | .O5 1977 |
| 082 00 - DEWEY DECIMAL CLASSIFICATION NUMBER | |
| Classification number | 863.32 |
| Item number | OLC |
| 100 1# - MAIN ENTRY--PERSONAL NAME | |
| Personal name | Oliphant, |
| 245 00 - TITLE STATEMENT | |
| Title | Cervantes / |
| Statement of responsibility, etc. | by Mrs. Oliphant. |
| 260 ## - PUBLICATION, DISTRIBUTION, ETC. (IMPRINT) | |
| Place of publication, distribution, etc. | Norwood : |
| Name of publisher, distributor, etc. | Norwood Editions, |
| Date of publication, distribution, etc. | 1977. |
| 300 ## - PHYSICAL DESCRIPTION | |
| Extent | x, 212 p. ; |
| Dimensions | 23 cm. |
| 650 #0 - SUBJECT ADDED ENTRY--TOPICAL TERM | |
| Topical term or geographic name as entry element | Authors, Spanish |
| Chronological subdivision | Classical period, 1500-1700 |
| General subdivision | Biography. |
| 830 #0 - SERIES ADDED ENTRY--UNIFORM TITLE | |
| Uniform title | Foreign classics for English readers. |
| 942 ## - ADDED ENTRY ELEMENTS (KOHA) | |
| Source of classification or shelving scheme | |
| Koha item type | Books |
| Price effective from | Date last seen | Permanent Location | Not for loan | Date acquired | Source of classification or shelving scheme | Koha item type | Lost status | Withdrawn status | Source of acquisition | Collection code | Damaged status | Shelving location | Barcode | Current Location | Full call number |
|---|---|---|---|---|---|---|---|---|---|---|---|---|---|---|---|
| 2017-01-25 | 2017-01-25 | Dhaka University Library | 2017-01-25 | Books | Purchased | Non Fiction | General Stacks | A151885 | Dhaka University Library | 863.32 OLC |
